00469nam a2200133Ia 4500008004100000245007900041260003500120260000900155650001800164650001500182856004600197999001900243952007300262170221s9999 xx 000 0 und d aCommunication Needs of Hispanic Patients: Sudden Speechlessness Simulation bThe Open Communication Journal c2015 xCommunication xMedia Arts uhttps://benthamopen.com/TOCOMMJ/VOLUME/6/ c309204d309204 001040aCLbCLd2017-02-21l0r2017-02-21 00:00:00w2017-02-21yFOJ